<?xml version="1.0" encoding="UTF-8"?>
<record
    xmlns:xsi="http://www.w3.org/2001/XMLSchema-instance"
    xsi:schemaLocation="http://www.loc.gov/MARC21/slim http://www.loc.gov/standards/marcxml/schema/MARC21slim.xsd"
    xmlns="http://www.loc.gov/MARC21/slim">

  <leader>01180    a2200229   4500</leader>
  <datafield tag="999" ind1=" " ind2=" ">
    <subfield code="c">94811</subfield>
    <subfield code="d">94811</subfield>
  </datafield>
  <controlfield tag="003">NALT</controlfield>
  <controlfield tag="005">20250102091611.0</controlfield>
  <controlfield tag="008">180806b        th ||||| |||| 00| 0 tha d</controlfield>
  <datafield tag="020" ind1=" " ind2=" ">
    <subfield code="a">9786169260141</subfield>
  </datafield>
  <datafield tag="040" ind1=" " ind2=" ">
    <subfield code="a">NALT</subfield>
  </datafield>
  <datafield tag="050" ind1=" " ind2=" ">
    <subfield code="a">HF 5415.1265 </subfield>
    <subfield code="b">&#xE19;149&#xE17; 2560</subfield>
  </datafield>
  <datafield tag="100" ind1="0" ind2=" ">
    <subfield code="a">&#xE19;&#xE10;&#xE21;&#xE19; &#xE01;&#xE49;&#xE2D;&#xE07;&#xE18;&#xE19;&#xE32;&#xE19;&#xE19;&#xE17;&#xE4C;</subfield>
    <subfield code="9">29997</subfield>
  </datafield>
  <datafield tag="245" ind1="1" ind2="0">
    <subfield code="a">&#xE17;&#xE33;&#xE01;&#xE32;&#xE23;&#xE15;&#xE25;&#xE32;&#xE14;&#xE2D;&#xE2D;&#xE19;&#xE44;&#xE25;&#xE19;&#xE4C;&#xE41;&#xE1A;&#xE1A;&#xE41;&#xE1A;&#xE23;&#xE19;&#xE14;&#xE4C;&#xE43;&#xE2B;&#xE0D;&#xE48; &#xE17;&#xE35;&#xE48;&#xE44;&#xE21;&#xE48;&#xE21;&#xE35;&#xE43;&#xE04;&#xE23;&#xE40;&#xE04;&#xE22;&#xE1A;&#xE2D;&#xE01;&#xE04;&#xE38;&#xE13; /</subfield>
    <subfield code="c">&#xE19;&#xE31;&#xE01;&#xE40;&#xE02;&#xE35;&#xE22;&#xE19; &#xE19;&#xE10;&#xE21;&#xE19; &#xE01;&#xE49;&#xE2D;&#xE07;&#xE18;&#xE19;&#xE32;&#xE19;&#xE19;&#xE17;&#xE4C;, &#xE04;&#xE21;&#xE08;&#xE31;&#xE01;&#xE23; &#xE01;&#xE33;&#xE18;&#xE23;&#xE1E;&#xE2A;&#xE34;&#xE19;&#xE35;.</subfield>
  </datafield>
  <datafield tag="260" ind1=" " ind2=" ">
    <subfield code="a">&#xE1B;&#xE17;&#xE38;&#xE21;&#xE18;&#xE32;&#xE19;&#xE35; : </subfield>
    <subfield code="b">&#xE44;&#xE2D;&#xE41;&#xE2D;&#xE21;&#xE40;&#xE14;&#xE2D;&#xE30;&#xE40;&#xE1A;&#xE2A;&#xE17;&#xE4C;, </subfield>
    <subfield code="c">2560.</subfield>
  </datafield>
  <datafield tag="300" ind1=" " ind2=" ">
    <subfield code="a">255 &#xE2B;&#xE19;&#xE49;&#xE32; :</subfield>
    <subfield code="b">&#xE20;&#xE32;&#xE1E;&#xE1B;&#xE23;&#xE30;&#xE01;&#xE2D;&#xE1A; ;</subfield>
    <subfield code="c">21 &#xE0B;&#xE21;.</subfield>
  </datafield>
  <datafield tag="650" ind1=" " ind2="4">
    <subfield code="9">3557</subfield>
    <subfield code="a">&#xE01;&#xE32;&#xE23;&#xE15;&#xE25;&#xE32;&#xE14;&#xE2D;&#xE34;&#xE19;&#xE40;&#xE17;&#xE2D;&#xE23;&#xE4C;&#xE40;&#xE19;&#xE47;&#xE15;</subfield>
  </datafield>
  <datafield tag="650" ind1=" " ind2="0">
    <subfield code="a">&#xE01;&#xE32;&#xE23;&#xE1E;&#xE32;&#xE13;&#xE34;&#xE0A;&#xE22;&#xE4C;&#xE2D;&#xE34;&#xE40;&#xE25;&#xE47;&#xE01;&#xE17;&#xE23;&#xE2D;&#xE19;&#xE34;&#xE01;&#xE2A;&#xE4C;</subfield>
    <subfield code="9">735</subfield>
  </datafield>
  <datafield tag="700" ind1="0" ind2=" ">
    <subfield code="9">29998</subfield>
    <subfield code="a">&#xE04;&#xE21;&#xE08;&#xE31;&#xE01;&#xE23; &#xE01;&#xE33;&#xE18;&#xE23;&#xE1E;&#xE2A;&#xE34;&#xE19;&#xE35;</subfield>
  </datafield>
  <datafield tag="850" ind1=" " ind2=" ">
    <subfield code="a">NALT</subfield>
  </datafield>
  <datafield tag="942" ind1=" " ind2=" ">
    <subfield code="2">lcc</subfield>
    <subfield code="c">GB</subfield>
  </datafield>
  <datafield tag="998" ind1=" " ind2=" ">
    <subfield code="a">phon</subfield>
    <subfield code="b">phon</subfield>
    <subfield code="c">phon</subfield>
    <subfield code="j">111</subfield>
    <subfield code="k"> &#xE19;&#xE32;&#xE07;&#xE2A;&#xE32;&#xE27;&#xE1E;&#xE08;&#xE1E;&#xE34;&#xE13;  &#xE1E;&#xE23;&#xE21;&#xE40;&#xE2D;&#xE35;&#xE48;&#xE22;&#xE21;</subfield>
  </datafield>
  <datafield tag="952" ind1=" " ind2=" ">
    <subfield code="0">0</subfield>
    <subfield code="1">0</subfield>
    <subfield code="2">lcc</subfield>
    <subfield code="4">0</subfield>
    <subfield code="7">0</subfield>
    <subfield code="8">CGBL</subfield>
    <subfield code="a">NALT</subfield>
    <subfield code="b">NALT</subfield>
    <subfield code="d">2018-07-24</subfield>
    <subfield code="e">1</subfield>
    <subfield code="l">8</subfield>
    <subfield code="m">4</subfield>
    <subfield code="o">HF 5415.1265  &#xE19;149&#xE17; 2560</subfield>
    <subfield code="p">3961208494</subfield>
    <subfield code="r">2025-01-09 00:00:00</subfield>
    <subfield code="s">2025-01-02</subfield>
    <subfield code="w">2018-07-24</subfield>
    <subfield code="y">GB</subfield>
  </datafield>
</record>
